Un medio rural vivo y sostenible (Record no. 193018)

MARC details
000 -LEADER
campo de control de longitud fija 01553nam a2200409 c 4500
001 - NÚMERO DE CONTROL
campo de control 193018
003 - IDENTIFICADOR DE NÚMERO DE CONTROL
campo de control SpMaBN
005 - FECHA Y HORA DE LA ÚLTIMA TRANSACCIÓN
campo de control 20260312131651.0
007 - CAMPO FIJO DE DESCRIPCIÓN FÍSICA--INFORMACIÓN GENERAL
campo de control de longitud fija ta
008 - DATOS DE LONGITUD FIJA--INFORMACIÓN GENERAL
campo de control de longitud fija 230722s2021 sp a | ||||o000 0 spa
017 ## - NÚMERO DE COPYRIGHT O DE DEPÓSITO LEGAL
Número de copyright o de depósito legal M 23981-2021
Agencia que asigna Oficina Depósito Legal Madrid
020 ## - NÚMERO INTERNACIONAL ESTÁNDAR DEL LIBRO
Número Internacional Estándar del Libro 9788481884029
035 ## - NÚMERO DE CONTROL DEL SISTEMA
Número de control de sistema a7085798
040 ## - FUENTE DE CATALOGACIÓN
Centro catalogador/agencia de origen SpMaBN
Lengua de catalogación spa
Centro/agencia transcriptor SpMaBN
Normas de descripción rda
Centro/agencia modificador Es-MaACL
080 ## - NÚMERO DE LA CLASIFICACIÓN DECIMAL UNIVERSAL
Número de la Clasificación Decimal Universal 332.146.2(=1:460-22)
080 ## - NÚMERO DE LA CLASIFICACIÓN DECIMAL UNIVERSAL
Número de la Clasificación Decimal Universal 332.142.6(460)
245 03 - MENCIÓN DEL TÍTULO
Título Un medio rural vivo y sostenible
250 ## - MENCION DE EDICION
Mención de edición Primera edición, agosto de 2021
264 #1 - PRODUCCIÓN, PUBLICACIÓN, DISTRIBUCIÓN, FABRICACIÓN Y COPYRIGHT
Producción, publicación, distribución, fabricación y copyright Madrid :
Nombre del de productor, editor, distribuidor, fabricante Consejo Económico y Social,
Fecha de producción, publicación, distribución, fabricación o copyright 2021
300 ## - DESCRIPCIÓN FÍSICA
Extensión 230 páginas :
Otras características físicas gráficos (color) ;
Dimensiones 24 cm
336 ## - TIPO DE CONTENIDO
Término de tipo de contenido Texto
Fuente rdacontent
337 ## - TIPO DE MEDIO
Nombre/término del tipo de medio sin mediación
Fuente rdamedia
338 ## - TIPO DE SOPORTE
Nombre/término del tipo de soporte volumen
Fuente rdacarrier
490 1# - MENCIÓN DE SERIE
Mención de serie Informes (CES) ;
Designación de volumen o secuencia 02/2021
500 ## - NOTA GENERAL
Nota general "Sesión ordinaria del Pleno de 7 de julio de 2021"
530 ## - NOTA DISPONIBLE DE FORMULARIO FÍSICO ADICIONAL
Nota de formato físico adicional disponible Disponible también en línea
650 #4 - PUNTO DE ACCESO ADICIONAL DE MATERIA--TÉRMINO DE MATERIA
Término de materia o nombre geográfico como elemento de entrada Desarrollo rural-
Subdivisión geográfica España
Fuente del encabezamiento o término embne
9 (RLIN) 11815
650 #7 - PUNTO DE ACCESO ADICIONAL DE MATERIA--TÉRMINO DE MATERIA
Término de materia o nombre geográfico como elemento de entrada Desarrollo sostenible-
Subdivisión geográfica España
Fuente del encabezamiento o término embne
9 (RLIN) 233817
710 2# - ENTRADA AGREGADA--NOMBRE DE ENTIDAD CORPORATIVA
Nombre de entidad corporativa o nombre de jurisdicción como elemento de entrada Consejo Económico y Social (España)
9 (RLIN) 3208
830 ## - PUNTO DE ACCESO ADICIONAL DE SERIE-TÍTULO UNIFORME
Título uniforme Informes (CES) ;
9 (RLIN) 233818
Designación de volumen o secuencia 02/2021
852 ## - LOCALIZACIÓN
Ubicación ES-MaACL
itemnumber 200323
Sublocalización o colección R.153325
Número de control de estantería N-8514
Ubicación en estantería Depósito J
Encuadernación Donación: Editorial
856 4# - LOCALIZACIÓN Y ACCESO ELECTRÓNICOS
Identificador Uniforme de Recursos <a href="https://www.ces.es/documents/10180/5250220/Inf0221.pdf/b3bff689-bd99-6324-5cb2-c2de7b19f154">https://www.ces.es/documents/10180/5250220/Inf0221.pdf/b3bff689-bd99-6324-5cb2-c2de7b19f154</a>
Texto de enlace Versión en línea
942 ## - ELEMENTOS DE ENTRADA SECUNDARIOS (KOHA)
Suprimir en OPAC No
Tipo de ítem Koha Libro impreso
Holdings
Estatus retirado Estado de pérdida Fuente del sistema de clasificación o colocación Estado de daño No para préstamo Biblioteca de origen Biblioteca actual Ubicación en estantería Fecha de adquisición Fuente de adquisición Total de préstamos Signatura topográfica completa Código de barras Visto por última vez Precio de reemplazo Tipo de ítem Koha
    Clasificación decimal universal     Biblioteca del Ateneo de Madrid Biblioteca del Ateneo de Madrid Depósito J 25/04/2022 Donación   N-8514 101205616 22/07/2023 22/07/2023 Libro impreso